• 首页
  • 本馆介绍
  • 公告通知
  • 最新文献
  • 馆藏检索
  • 电子资源
  • 读者导购
  • 参考咨询
  • 我的图书馆
  • 登录
  • 详细信息显示
  • 放入我的书架
  • 预约/预借图书
  • 作者相关作品
  • 分类相关作品
  • 丛书相关作品
  • 出版社相关作品

书目信息

  • 表格格式
  • 工作单格式
  • 卡片格式
题名:
水泵技术问答
    
 
作者: 刘得雨 著
分册:  
出版信息: 北京   电力工业出版社  1981.4
页数: 284页
开本: 64
丛书名:
单 册:
中图分类: TH3
科图分类:
主题词: 泵
电子资源:
ISBN:
000 00473nam0 2200181 45
001 0312221749
005 20060418093029.68
010    @dCNY0.50
100    @a20031222d1981 km y0chiy0120 ea
101    @achi
200 1  @a水泵技术问答@AShui Beng Ji Shu Wen Da@f刘得雨著@FLiu De Yu Zhu
210    @a北京@c电力工业出版社@d1981.4
215    @a284页@d64
606 0  @a泵
690    @aTH3@v3
701 0  @a刘得雨@Aliu de yu@4著
801    @aCN@bTSTCL@c20060418
905    @a213230@dTH3@e4
    
    水泵技术问答/刘得雨著.-北京:电力工业出版社,1981.4
    284页;64
    
    
    ISBN :CNY0.50
    
●
相关链接 在E读中查询图书 在五车中查询图书 在当当中查询图书 在豆瓣中查询图书


正题名:水泵技术问答     索取号:TH3/4         预约/预借

序号 登录号 条形码 馆藏地/架位号 状态 备注
1 0063220   202249664   密集书库/ [索取号:TH3/4] 在馆    
唐山师范学院图书馆 欢迎您!
大连网信软件有限公司© 版权所有